[Event "ONJK 2018 C"]
[Site "Borne, Netherlands"]
[Date "2018.08.07"]
[Round "2.10"]
[White "Mainka, Alwin"]
[Black "Hatzmann, Mirthe"]
[Result "1-0"]
[WhiteElo "1631"]
[BlackElo "1378"]
[PlyCount "91"]
[EventDate "2018.??.??"]

1. e4 e5 2. Nf3 Nc6 3. Bb5 a6 4. Ba4 Nf6 5. O-O b5 6. Bb3 Be7 7. Re1 O-O 8. d3
d6 9. c3 Na5 10. Bc2 c5 11. Nbd2 Nc6 12. Nf1 Qc7 13. Qe2 Bg4 14. h3 Be6 15. Ng3
Ne8 16. Bd2 f5 17. exf5 Bxf5 18. Nxf5 Rxf5 19. d4 Rf6 20. Qe4 g6 21. dxe5 dxe5
22. Nxe5 Rd8 23. Nxc6 Rxc6 24. Bf4 Bd6 25. Bg5 Rc8 26. Qd5+ Kh8 27. Rxe8+ Bf8
28. Rxc8 Qxc8 29. Rd1 Qe8 30. Qd7 Qxd7 31. Rxd7 Rd6 32. Rc7 Rd5 33. Be3 Re5 34.
b4 Re7 35. Rc8 Rf7 36. Bxc5 Kg7 37. Bb3 Rf5 38. Bxf8+ Rxf8 39. Rxf8 Kxf8 40. f4
Kg7 41. Kf2 Kf6 42. Bd5 Kf5 43. Kf3 h6 44. Bb7 Ke6 45. Bxa6 Kd6 46. Bxb5 1-0

[Event "ONJK 2018 C"]
[Site "Borne, Netherlands"]
[Date "2018.08.07"]
[Round "2.11"]
[White "Tiggelman, Vincent"]
[Black "Baselmans, Daan"]
[Result "0-1"]
[WhiteElo "1376"]
[BlackElo "1630"]
[PlyCount "56"]
[EventDate "2018.??.??"]

1. e4 e6 2. Nc3 d5 3. exd5 exd5 4. d4 Bf5 5. Bd3 Bxd3 6. Qxd3 Nf6 7. Nf3 Bd6 8.
O-O O-O 9. Bg5 Nbd7 10. Nxd5 h6 11. Bxf6 Nxf6 12. Nxf6+ Qxf6 13. c3 Rad8 14.
Rfe1 g5 15. g3 c5 16. Rad1 h5 17. Re4 Rfe8 18. Ne1 g4 19. Nc2 Qg5 20. Rxe8+
Rxe8 21. dxc5 Bxc5 22. Kh1 Bxf2 23. Qd7 Re7 24. Qd8+ Kg7 25. Qd5 Qg6 26. Rd2
Qf6 27. Kg2 Bb6 28. Qc4 Qf3# 0-1

[Event "ONJK 2018 C"]
[Site "Borne, Netherlands"]
[Date "2018.08.07"]
[Round "2.12"]
[White "De Putter, Nina"]
[Black "Van Borren, Matthijs"]
[Result "1-0"]
[WhiteElo "1621"]
[BlackElo "1357"]
[PlyCount "31"]
[EventDate "2018.??.??"]

1. e4 c5 2. Nc3 d6 3. f4 Nf6 4. Nf3 e6 5. Bc4 Be7 6. O-O a6 7. a4 O-O 8. Qe1
Qc7 9. d3 Nc6 10. Qg3 e5 11. f5 Rd8 12. Bh6 Nh5 13. Qg4 g6 14. Nd5 Qa5 15.
Nxe7+ Nxe7 16. Qg5 1-0

[Event "ONJK 2018 C"]
[Site "Borne, Netherlands"]
[Date "2018.08.07"]
[Round "2.13"]
[White "De Vries, Fabian"]
[Black "Decruyenaere, Victor"]
[Result "1-0"]
[WhiteElo "1600"]
[BlackElo "1356"]
[PlyCount "137"]
[EventDate "2018.??.??"]

1. e4 c5 2. c3 e6 3. d4 cxd4 4. cxd4 d6 5. Nc3 Nf6 6. Nf3 Be7 7. Be2 O-O 8. O-O
Nbd7 9. Bf4 a6 10. Rc1 b5 11. d5 exd5 12. exd5 Bb7 13. Qd4 Nb6 14. a4 bxa4 15.
Nd2 Nfxd5 16. Nxd5 Bxd5 17. Nc4 Nxc4 18. Bxc4 Bxc4 19. Rxc4 Qd7 20. Rd1 Rfe8
21. h3 Rad8 22. Qd2 Qb5 23. Rb4 Qa5 24. Rd4 Qb5 25. Rb4 Qa5 26. Rd4 Qxd2 27.
R1xd2 Ra8 28. Bxd6 Bxd6 29. Rxd6 f6 30. Rd7 Re1+ 31. Kh2 Ra1 32. Rb7 a3 33.
bxa3 Rxa3 34. Rdd7 Ra2 35. Rxg7+ Kf8 36. Rxh7 Kg8 37. Rbg7+ Kf8 38. Rg6 Rxf2
39. Rhg7 Re8 40. Rg8+ Ke7 41. R6g7+ Kd8 42. Rxe8+ Kxe8 43. Ra7 Ra2 44. h4 Ra5
45. Kh3 Ra1 46. h5 Ra5 47. g4 Ra3+ 48. Kg2 Ra2+ 49. Kg3 Ra3+ 50. Kf4 Ra1 51. h6
Rh1 52. h7 Kf8 53. Rxa6 Rxh7 54. Rxf6+ Kg7 55. Ra6 Rh1 56. Kg5 Rc1 57. Ra7+ Kf8
58. Kh5 Rh1+ 59. Kg6 Rc1 60. g5 Rc6+ 61. Kh7 Rc5 62. Ra8+ Ke7 63. g6 Rh5+ 64.
Kg8 Kf6 65. g7 Rg5 66. Ra6+ Ke7 67. Kh7 Kf7 68. g8=Q+ Rxg8 69. Ra7+ 1-0

[Event "ONJK 2018 C"]
[Site "Borne, Netherlands"]
[Date "2018.08.07"]
[Round "2.15"]
[White "Schoonhoven, Laura"]
[Black "Van Kuijk, Vadim"]
[Result "0-1"]
[WhiteElo "1194"]
[BlackElo "1545"]
[PlyCount "59"]
[EventDate "2018.??.??"]

1. e4 c5 2. Nf3 Nc6 3. d4 cxd4 4. Nxd4 Nf6 5. Nc3 e5 6. Nf3 Bb4 7. Bd2 d6 8. a3
Bxc3 9. Bxc3 Nxe4 10. Qd3 Bf5 11. O-O-O Ng3 12. Qxd6 Qxd6 13. Rxd6 Nxh1 14. Rd2
O-O 15. Nxe5 Nxe5 16. Bxe5 Rfe8 17. Bd4 Rad8 18. c3 Re1+ 19. Rd1 Rxd1+ 20. Kxd1
Nxf2+ 21. Ke1 Nd3+ 22. Bxd3 Bxd3 23. Bxa7 Re8+ 24. Kd2 Bc4 25. Bd4 Re2+ 26. Kc1
Rxg2 27. Be5 f5 28. b4 g5 29. h4 gxh4 30. Kd1 0-1

[Event "ONJK 2018 C"]
[Site "Borne, Netherlands"]
[Date "2018.08.07"]
[Round "2.16"]
[White "De Heij, Mees"]
[Black "Li-Behn, Tobias"]
[Result "1-0"]
[WhiteElo "1516"]
[BlackElo "1344"]
[PlyCount "65"]
[EventDate "2018.??.??"]

1. d4 Nf6 2. c4 c6 3. Nc3 d5 4. Bg5 Nbd7 5. e3 Qb6 6. Qb3 e6 7. Qxb6 axb6 8.
cxd5 Nxd5 9. Nxd5 exd5 10. a3 Bb4+ 11. Kd1 O-O 12. Rc1 Bd6 13. Nf3 c5 14. dxc5
Nxc5 15. Bb5 Ra5 16. Be2 Bd7 17. h4 Ba4+ 18. Ke1 Nb3 19. Rd1 Bc5 20. Rd3 Nc1
21. Rc3 Nxe2 22. Kxe2 Bd6 23. Rhc1 f6 24. Bf4 Bxf4 25. exf4 Re8+ 26. Re3 Bb5+
27. Kd2 Rd8 28. Rc7 Re8 29. Rxe8+ Bxe8 30. Rxb7 Rb5 31. b4 Bc6 32. Rc7 Be8 33.
Nd4 1-0

[Event "ONJK 2018 C"]
[Site "Borne, Netherlands"]
[Date "2018.08.07"]
[Round "2.17"]
[White "Zoet, Jelle"]
[Black "Bogouslavskii, Veronique"]
[Result "0-1"]
[WhiteElo "1042"]
[BlackElo "1105"]
[PlyCount "120"]
[EventDate "2018.??.??"]

1. e4 e5 2. Nf3 Nc6 3. d4 exd4 4. Nxd4 Nf6 5. Nxc6 bxc6 6. Bd3 Bb7 7. O-O Be7
8. Nc3 d5 9. Bg5 h6 10. Bh4 O-O 11. Bg3 Re8 12. Re1 Bb4 13. exd5 Rxe1+ 14. Qxe1
cxd5 15. Qe2 Qd7 16. Rd1 a6 17. Qe5 Bd6 18. Qf5 Qxf5 19. Bxf5 Bxg3 20. hxg3 Re8
21. Kf1 g6 22. Bd3 Nd7 23. Be2 Nb6 24. Bf3 c6 25. Re1 Rxe1+ 26. Kxe1 Kf8 27.
Ke2 Ke7 28. Ke3 Nc4+ 29. Kd4 Nxb2 30. Be2 Kd6 31. f4 c5+ 32. Ke3 d4+ 33. Kd2
dxc3+ 34. Kxc3 Na4+ 35. Kb3 Nb6 36. Bf3 Bxf3 37. gxf3 Kd5 38. c3 f6 39. Kc2 h5
40. Kd3 c4+ 41. Ke3 f5 42. Kd2 Na4 43. Kc2 Kc6 44. Kd2 Nc5 45. Ke3 Kd5 46. Ke2
Nd3 47. Kd2 a5 48. a3 a4 49. Ke3 Kc5 50. Kd2 h4 51. gxh4 Nxf4 52. Ke3 Ng2+ 53.
Kf2 Nxh4 54. Kg3 g5 55. f4 gxf4+ 56. Kxf4 Ng2+ 57. Kxf5 Ne3+ 58. Ke4 Nc2 59.
Kf3 Nxa3 60. Ke2 Nb1 0-1

[Event "ONJK 2018 C"]
[Site "Borne, Netherlands"]
[Date "2018.08.07"]
[Round "2.18"]
[White "DHaenens, Leon"]
[Black "De Jong, Mats"]
[Result "1/2-1/2"]
[WhiteElo "1565"]
[BlackElo "1600"]
[PlyCount "50"]
[EventDate "2018.??.??"]

1. c4 c5 2. g3 Nc6 3. Bg2 Nf6 4. Nc3 g6 5. Nf3 Bg7 6. O-O O-O 7. Rb1 d6 8. a3
a5 9. d3 Be6 10. e4 Bg4 11. h3 Bd7 12. Ne1 Qc8 13. Kh2 Nd4 14. Be3 e5 15. f4
Rb8 16. fxe5 dxe5 17. Nd5 Nxd5 18. cxd5 b6 19. Rc1 Qb7 20. Nf3 Bb5 21. Nxd4
cxd4 22. Bg1 Rbc8 23. Qb3 Ba6 24. Rcd1 Rc7 25. d6 Rfc8 1/2-1/2

[Event "ONJK 2018 C"]
[Site "Borne, Netherlands"]
[Date "2018.08.07"]
[Round "2.19"]
[White "Van Eester, Jef"]
[Black "Verheij, Dana"]
[Result "0-1"]
[WhiteElo "1068"]
[BlackElo "1479"]
[PlyCount "104"]
[EventDate "2018.??.??"]

1. e4 c5 2. Nf3 d6 3. Bc4 Nc6 4. Nc3 e6 5. d3 Nf6 6. Bg5 Be7 7. Bxf6 Bxf6 8.
Qd2 O-O 9. O-O Na5 10. Nb5 a6 11. Nxd6 Qxd6 12. Qxa5 Bd7 13. Rab1 b5 14. Bb3 b4
15. e5 Bxe5 16. Nxe5 Qxe5 17. Qb6 Rfb8 18. Rfe1 Qxe1+ 19. Rxe1 Rxb6 20. h3 Bb5
21. c4 Bd7 22. Re5 Rc8 23. Bd1 Rd6 24. Be2 f6 25. Re3 e5 26. Bf3 Bc6 27. Bg4
Rcd8 28. Be2 Be8 29. f3 Bg6 30. a3 bxa3 31. bxa3 Bxd3 32. Bd1 Bxc4 33. Bc2 Rd2
34. Ba4 Bb5 35. Bb3+ c4 36. a4 cxb3 37. axb5 b2 38. Rb3 Rd1+ 39. Kf2 b1=Q 40.
Rxb1 Rxb1 41. bxa6 Ra1 42. a7 Rxa7 43. Ke3 f5 44. f4 Ra3+ 45. Ke2 Rb8 46. Kf2
e4 47. Kf1 e3 48. Ke2 Rb2+ 49. Kf3 e2+ 50. Kf2 Ra1 51. g4 e1=Q+ 52. Kf3 Qf2#
0-1

[Event "ONJK 2018 C"]
[Site "Borne, Netherlands"]
[Date "2018.08.07"]
[Round "2.20"]
[White "John, Niklas"]
[Black "Bollow, Jan Henrik"]
[Result "1-0"]
[WhiteElo "1327"]
[BlackElo "1047"]
[PlyCount "83"]
[EventDate "2018.??.??"]

1. e4 e5 2. Nf3 Nc6 3. Bc4 Nf6 4. d3 h6 5. O-O Be7 6. Re1 O-O 7. Nbd2 Bc5 8.
Nf1 d6 9. Ng3 Ng4 10. Be3 Nxe3 11. fxe3 Be6 12. Bb3 Qd7 13. d4 exd4 14. exd4
Bb6 15. Kh1 Bg4 16. Ba4 Rfe8 17. d5 Bf2 18. dxc6 bxc6 19. Rf1 Bxg3 20. hxg3
Rxe4 21. b3 Rae8 22. Qd3 d5 23. Nd4 Qc8 24. Nxc6 Bh3 25. Nxa7 Bxg2+ 26. Kxg2
Re2+ 27. Rf2 Qg4 28. Bxe8 Rxe8 29. Qf3 Qd7 30. Qf5 Re6 31. Re1 g6 32. Qh3 Kg7
33. Rxe6 Qxe6 34. Qxe6 fxe6 35. Nc6 g5 36. a4 h5 37. a5 Kg6 38. a6 h4 39. a7
hxg3 40. Kxg3 d4 41. a8=Q d3 42. Qg8+ 1-0

[Event "ONJK 2018 C"]
[Site "Borne, Netherlands"]
[Date "2018.08.07"]
[Round "3.1"]
[White "Bleeker, Kasper"]
[Black "Mainka, Alwin"]
[Result "1/2-1/2"]
[WhiteElo "1897"]
[BlackElo "1631"]
[PlyCount "152"]
[EventDate "2018.??.??"]

1. e4 c5 2. Nf3 d6 3. d4 cxd4 4. Nxd4 Nf6 5. Nc3 g6 6. Be3 Bg7 7. Bc4 O-O 8. f3
Nc6 9. Qd2 Bd7 10. O-O-O Rb8 11. Bh6 Ne5 12. Bb3 b5 13. Bxg7 Kxg7 14. h4 h5 15.
Qe2 Qb6 16. g4 a5 17. g5 Nh7 18. Nd5 Qd8 19. a3 e6 20. Ne3 Qb6 21. f4 Nc6 22.
Nxc6 Qxc6 23. Qd3 Rb6 24. Qd4+ Kg8 25. e5 a4 26. Ba2 Rfb8 27. Qxd6 Qe4 28. Qd4
Bc6 29. Qxe4 Bxe4 30. Rhe1 Bb7 31. Rd4 Nf8 32. Red1 Rc8 33. Nf1 Bf3 34. R1d2
Bb7 35. Ng3 Bc6 36. c3 Rb7 37. Bb1 Rd7 38. Be4 Rxd4 39. Rxd4 Kg7 40. Bxc6 Rxc6
41. Ne4 Rc4 42. Rxc4 bxc4 43. Nd6 Nd7 44. Nxc4 Kf8 45. Kd2 Ke7 46. Ke3 Nc5 47.
Nb6 Kd8 48. Kd4 Nb3+ 49. Kd3 Nc5+ 50. Kc4 Nb3 51. Nxa4 Nd2+ 52. Kd3 Nf3 53. Nc5
Nxh4 54. a4 Nf5 55. a5 Kc7 56. b4 h4 57. Ke2 Ne7 58. Kf3 Nd5 59. Ne4 h3 60. Kg3
h2 61. Kxh2 Nxf4 62. Nc5 Nd5 63. a6 Kb6 64. Ne4 Kxa6 65. Kg3 Kb6 66. Kf3 Kc6
67. b5+ Kxb5 68. Nd6+ Kc6 69. Nxf7 Nxc3 70. Nh8 Kd5 71. Nxg6 Kd4 72. Kg4 Nd5
73. Kh5 Ke4 74. Kh6 Kf5 75. Nf8 Kxe5 76. g6 Ne7 1/2-1/2

[Event "ONJK 2018 C"]
[Site "Borne, Netherlands"]
[Date "2018.08.07"]
[Round "3.2"]
[White "Baselmans, Daan"]
[Black "Westerhof, Jannes"]
[Result "1-0"]
[WhiteElo "1630"]
[BlackElo "1737"]
[PlyCount "57"]
[EventDate "2018.??.??"]

1. e4 c5 2. Nf3 Nc6 3. d4 cxd4 4. Nxd4 e5 5. Nb3 Nf6 6. Nc3 h6 7. Be3 Bb4 8. f3
O-O 9. Qd2 Be7 10. g4 Nh7 11. O-O-O d6 12. Kb1 Be6 13. Qf2 Qd7 14. h4 f6 15.
Nd5 Bxd5 16. exd5 Nd8 17. Bd3 Nf7 18. Rdg1 Qd8 19. Bxa7 Rc8 20. Bb6 Qe8 21. Be3
Qd8 22. Qd2 g5 23. Bg6 Re8 24. hxg5 fxg5 25. Bxf7+ Kxf7 26. Rxh6 Kg7 27. Rgh1
Rh8 28. Qd3 Qg8 29. Rg6+ 1-0

[Event "ONJK 2018 C"]
[Site "Borne, Netherlands"]
[Date "2018.08.07"]
[Round "3.3"]
[White "Labruyere, Roger"]
[Black "De Putter, Nina"]
[Result "0-1"]
[WhiteElo "1733"]
[BlackElo "1621"]
[PlyCount "112"]
[EventDate "2018.??.??"]

1. e4 d5 2. exd5 Nf6 3. c4 c6 4. dxc6 Nxc6 5. Nf3 Bf5 6. Nc3 e6 7. d4 Nb4 8.
Be3 Nc2+ 9. Kd2 Nxa1 10. Qxa1 Bb4 11. Kd1 O-O 12. Be2 Ng4 13. h3 Nxe3+ 14. fxe3
h6 15. g4 Bh7 16. h4 Qf6 17. Kd2 Qg6 18. Ne1 Rfd8 19. Nd3 a5 20. Qd1 Qf6 21. a3
Bxd3 22. Kxd3 Bxc3 23. bxc3 Ra6 24. Qb3 Qe7 25. Bf3 Rd7 26. Be4 Qd6 27. Rb1 Ra7
28. Qb5 Rd8 29. a4 Qg3 30. Qb6 Raa8 31. Bxb7 Rab8 32. Rb5 Rd7 33. Qc6 Rc7 34.
Qe4 Qxh4 35. Ba6 Rxb5 36. cxb5 Qe1 37. Qa8+ Kh7 38. Ke4 Qh1+ 39. Ke5 Qxa8 40.
e4 Ra7 41. c4 Rxa6 42. bxa6 Qxa6 43. c5 f6+ 44. Kf4 g5+ 45. Ke3 Qc6 46. Kd3
Qxa4 47. Kc3 Qb4+ 48. Kd3 a4 49. d5 exd5 50. exd5 Qxc5 51. Ke4 a3 52. Kf5 Qxd5+
53. Kxf6 a2 54. Ke7 a1=Q 55. Ke8 Qb7 56. Kf8 Qaa8# 0-1

[Event "ONJK 2018 C"]
[Site "Borne, Netherlands"]
[Date "2018.08.07"]
[Round "3.4"]
[White "Albers, Sasa"]
[Black "De Vries, Fabian"]
[Result "1/2-1/2"]
[WhiteElo "1713"]
[BlackElo "1600"]
[PlyCount "46"]
[EventDate "2018.??.??"]

1. e4 c6 2. d4 d5 3. exd5 cxd5 4. Bd3 Nc6 5. c3 Nf6 6. Nf3 Bg4 7. O-O e6 8. Bf4
Bd6 9. Bxd6 Qxd6 10. Nbd2 O-O 11. Qb3 a6 12. h3 Bh5 13. Rfe1 Bg6 14. Ne5 b5 15.
Bxg6 hxg6 16. Nxc6 Qxc6 17. Nf3 Ne4 18. Ne5 Qc7 19. Rac1 Nd2 20. Qd1 Nc4 21.
Nd3 Qa5 22. a3 Rfc8 23. h4 Qd8 1/2-1/2

[Event "ONJK 2018 C"]
[Site "Borne, Netherlands"]
[Date "2018.08.07"]
[Round "3.5"]
[White "Hubers, Daan"]
[Black "Goudriaan, Rafael"]
[Result "1/2-1/2"]
[WhiteElo "1567"]
[BlackElo "1656"]
[PlyCount "57"]
[EventDate "2018.??.??"]

1. d4 e6 2. Bf4 Nf6 3. e3 b6 4. Be2 Bb7 5. Bf3 d5 6. Ne2 Bd6 7. Nbc3 a6 8. h3
Nbd7 9. Qd2 e5 10. Bg5 e4 11. Bg4 h6 12. Bxd7+ Qxd7 13. Bf4 g5 14. Bxd6 Qxd6
15. Ng3 Bc8 16. h4 g4 17. h5 Nh7 18. Nce2 Ng5 19. Nf4 c6 20. Qc3 a5 21. Qb3 b5
22. c3 a4 23. Qb4 Qxb4 24. cxb4 Ne6 25. Nge2 Nxf4 26. Nxf4 Bd7 27. Kd2 Ke7 28.
b3 Ra6 29. Kc2 1/2-1/2

[Event "ONJK 2018 C"]
[Site "Borne, Netherlands"]
[Date "2018.08.07"]
[Round "3.6"]
[White "Slagboom, Leandro"]
[Black "De Heij, Mees"]
[Result "1-0"]
[WhiteElo "1632"]
[BlackElo "1516"]
[PlyCount "57"]
[EventDate "2018.??.??"]

1. Nf3 d5 2. c4 c6 3. g3 Nf6 4. Bg2 Bf5 5. O-O e6 6. b3 Nbd7 7. Bb2 Be7 8. d3
O-O 9. Nbd2 h6 10. Rc1 Qa5 11. Qc2 Bb4 12. a3 Bd6 13. Rfd1 Qb6 14. e4 Bg6 15.
h3 dxe4 16. Nxe4 Nxe4 17. dxe4 Qc7 18. Qd2 Be5 19. Nxe5 Nxe5 20. f4 Qb6+ 21.
Bd4 Qxb3 22. Bxe5 Qxg3 23. Qc3 Qxc3 24. Rxc3 c5 25. Rcd3 a6 26. a4 Bh5 27. Bf3
Bg6 28. Rd7 f5 29. Rxg7+ 1-0

[Event "ONJK 2018 C"]
[Site "Borne, Netherlands"]
[Date "2018.08.07"]
[Round "3.7"]
[White "Van Kuijk, Vadim"]
[Black "De Rycke, Tyani"]
[Result "1-0"]
[WhiteElo "1545"]
[BlackElo "1766"]
[PlyCount "123"]
[EventDate "2018.??.??"]

1. d4 d5 2. Bf4 c6 3. Nf3 Nf6 4. e3 Bf5 5. Bd3 Bg6 6. Bxg6 hxg6 7. O-O e6 8.
Nbd2 Bd6 9. Bg5 Qc7 10. g3 Ne4 11. c4 Rh5 12. Bf4 Bxf4 13. exf4 Nd7 14. cxd5
cxd5 15. Re1 Ndf6 16. Qa4+ Qd7 17. Qxd7+ Kxd7 18. Nxe4 Nxe4 19. Ne5+ Ke8 20.
Rac1 Nd2 21. Kg2 Nc4 22. g4 Rh8 23. Nxc4 dxc4 24. Rxc4 Kd7 25. d5 exd5 26. Rd4
Kc6 27. Rc1+ Kb6 28. Rxd5 Rhd8 29. Re5 Rd4 30. Kg3 Rad8 31. Re7 R8d7 32. Rxd7
Rxd7 33. Rc2 Rd3+ 34. f3 Rd4 35. Re2 Kc6 36. Re7 Rd7 37. Rxd7 Kxd7 38. f5 gxf5
39. gxf5 f6 40. Kg4 Kd6 41. Kh5 Ke5 42. Kg6 Kf4 43. h4 a6 44. b4 b6 45. a4 Ke5
46. h5 b5 47. axb5 axb5 48. Kxg7 Kxf5 49. h6 Ke5 50. h7 Kf4 51. Kxf6 Kxf3 52.
h8=Q Ke4 53. Qe8+ Kd3 54. Qxb5+ Kc3 55. Qd5 Kxb4 56. Ke5 Kc3 57. Qd4+ Kc2 58.
Ke4 Kb1 59. Qd2 Ka1 60. Kd3 Kb1 61. Kc3 Ka1 62. Qb2# 1-0

[Event "ONJK 2018 C"]
[Site "Borne, Netherlands"]
[Date "2018.08.07"]
[Round "3.8"]
[White "Beukema, Constantijn"]
[Black "Smeets, Kobe"]
[Result "1-0"]
[WhiteElo "1758"]
[BlackElo "1437"]
[PlyCount "51"]
[EventDate "2018.??.??"]

1. e4 c5 2. Nf3 d6 3. Bc4 e6 4. O-O Nc6 5. d4 cxd4 6. Nxd4 Nf6 7. Nc3 a6 8. Be3
Be7 9. f4 Qc7 10. Bb3 Bd7 11. f5 e5 12. Nf3 Na5 13. Nd5 Nxd5 14. Bxd5 Bc6 15.
Ng5 O-O 16. Qh5 Bxg5 17. Bxg5 Bxd5 18. exd5 f6 19. Be3 b5 20. Rf3 Qf7 21. Qh4
Rfc8 22. Rg3 Kf8 23. Qxh7 Rxc2 24. Bh6 Qa7+ 25. Kh1 Rac8 26. Qh8+ 1-0

[Event "ONJK 2018 C"]
[Site "Borne, Netherlands"]
[Date "2018.08.07"]
[Round "3.9"]
[White "Bogouslavskii, Veronique"]
[Black "Rogge, Parcival"]
[Result "0-1"]
[WhiteElo "1105"]
[BlackElo "1728"]
[PlyCount "80"]
[EventDate "2018.??.??"]

1. d4 Nf6 2. Bf4 g6 3. e3 Bg7 4. c3 O-O 5. Nd2 d6 6. Bd3 Nbd7 7. Ngf3 Re8 8.
Qc2 e5 9. Bg3 Qe7 10. Bc4 h6 11. O-O Nh5 12. Rac1 Nxg3 13. fxg3 Nb6 14. Bb3 Be6
15. c4 c6 16. Ne1 exd4 17. exd4 Bxd4+ 18. Kh1 Bf5 19. Nd3 Qe2 20. Nf3 Qxd3 21.
Qxd3 Bxd3 22. Nxd4 Bxf1 23. Rxf1 Re4 24. Rd1 Rae8 25. Nf3 Nxc4 26. h3 d5 27.
Rf1 Ne5 28. Nd2 Re2 29. Nf3 Nxf3 30. Rxf3 Rxb2 31. g4 Ree2 32. Kg1 Rxg2+ 33.
Kf1 a5 34. a4 Rgd2 35. Ke1 c5 36. Bd1 d4 37. Bb3 d3 38. Bxf7+ Kg7 39. Bd5 Re2+
40. Kd1 Rb1# 0-1

[Event "ONJK 2018 C"]
[Site "Borne, Netherlands"]
[Date "2018.08.07"]
[Round "3.10"]
[White "Klein, Lucas"]
[Black "De Zoeten, Cato"]
[Result "0-1"]
[WhiteElo "1515"]
[BlackElo "1472"]
[PlyCount "132"]
[EventDate "2018.??.??"]

1. d4 d5 2. c4 e6 3. Nc3 Nf6 4. Nf3 Be7 5. Bf4 O-O 6. e3 b6 7. Ne5 Bb7 8. Qa4
c5 9. dxc5 Bxc5 10. Be2 Qe7 11. O-O dxc4 12. Bxc4 Nh5 13. Bg3 Nxg3 14. hxg3 Bd6
15. Nf3 Nc6 16. Ne4 Bc7 17. Bb5 Ne5 18. Ned2 a6 19. Be2 b5 20. Qh4 Qxh4 21.
gxh4 Rfd8 22. Rac1 Nxf3+ 23. Bxf3 Bxf3 24. Nxf3 Bd6 25. g3 Kf8 26. Nd4 Rac8 27.
Kg2 Rc5 28. Nb3 Rcc8 29. Nd4 e5 30. Nb3 Ke7 31. Na5 Ke6 32. Nb7 Re8 33. Nxd6
Kxd6 34. Rfd1+ Ke6 35. Kf3 Red8 36. Rxc8 Rxc8 37. Rd2 Rc5 38. b3 Rd5 39. Rc2
Kd6 40. Ke4 g6 41. g4 Rd1 42. f4 exf4 43. Kxf4 h6 44. Rf2 Rd5 45. Ke4 Re5+ 46.
Kd4 f5 47. gxf5 Rxf5 48. Rxf5 gxf5 49. b4 h5 50. a3 Ke6 51. Kc5 Ke5 52. Kb6 Ke4
53. Kxa6 Kxe3 54. Kxb5 f4 55. Kc6 f3 56. b5 f2 57. b6 f1=Q 58. b7 Qa6+ 59. Kc7
Qc4+ 60. Kb6 Qe6+ 61. Ka7 Qb3 62. Ka6 Qxa3+ 63. Kb6 Qb4+ 64. Kc7 Qc5+ 65. Kd7
Qb6 66. Kc8 Qc6+ 0-1

[Event "ONJK 2018 C"]
[Site "Borne, Netherlands"]
[Date "2018.08.07"]
[Round "3.11"]
[White "Sannen, Jette"]
[Black "DHaenens, Leon"]
[Result "0-1"]
[WhiteElo "1310"]
[BlackElo "1565"]
[PlyCount "36"]
[EventDate "2018.??.??"]

1. e4 c5 2. Nf3 e6 3. d4 cxd4 4. Nxd4 a6 5. Be2 Qc7 6. O-O Nf6 7. Nc3 d6 8. Re1
Nbd7 9. Bc4 Qxc4 10. Be3 Qc7 11. Qd2 Be7 12. Rad1 O-O 13. Qc1 b5 14. a3 Bb7 15.
Bf4 Ne5 16. Bg3 Rfd8 17. a4 bxa4 18. Qa1 Nh5 0-1

[Event "ONJK 2018 C"]
[Site "Borne, Netherlands"]
[Date "2018.08.07"]
[Round "3.12"]
[White "Borgelioen, Elise"]
[Black "Maris, Lauri"]
[Result "1/2-1/2"]
[WhiteElo "1308"]
[BlackElo "1510"]
[PlyCount "79"]
[EventDate "2018.??.??"]

1. e4 e5 2. Nf3 Nc6 3. Bc4 Be7 4. Nc3 Nf6 5. d3 d6 6. h3 O-O 7. O-O Be6 8. Nd5
Bxd5 9. Bxd5 Nxd5 10. exd5 Nb8 11. d4 e4 12. Nh2 f5 13. c3 Nd7 14. f3 exf3 15.
Rxf3 Nb6 16. Qc2 g6 17. Bh6 Re8 18. Rg3 Bh4 19. Rd3 Bg5 20. Bxg5 Qxg5 21. Nf3
Qe7 22. Re1 Qf7 23. Rde3 Rxe3 24. Rxe3 Nxd5 25. Re1 Re8 26. c4 Rxe1+ 27. Nxe1
Nb6 28. b3 Qe7 29. Nf3 Qe3+ 30. Kh1 Nd7 31. h4 Nf6 32. c5 d5 33. b4 Ng4 34. b5
Qf2 35. Qxf2 Nxf2+ 36. Kg1 Nd3 37. Ng5 Nb4 38. Ne6 c6 39. a4 b6 40. Nd8 1/2-1/2

[Event "ONJK 2018 C"]
[Site "Borne, Netherlands"]
[Date "2018.08.07"]
[Round "3.13"]
[White "Verheij, Dana"]
[Black "Decruyenaere, Laura"]
[Result "1-0"]
[WhiteElo "1479"]
[BlackElo "1293"]
[PlyCount "151"]
[EventDate "2018.??.??"]

1. e4 e5 2. Nf3 Nc6 3. Bc4 h6 4. c3 Nf6 5. Qc2 Bc5 6. b4 Bb6 7. a4 a6 8. d3 d6
9. O-O O-O 10. Be3 Bg4 11. Nbd2 Ne7 12. d4 exd4 13. cxd4 c6 14. e5 dxe5 15.
Nxe5 Bxd4 16. Ng6 Bf5 17. Nxe7+ Qxe7 18. Qxf5 Bxa1 19. Rxa1 Qxb4 20. Qg6 Qxc4
21. Qxf6 Qd5 22. Qh4 Rfe8 23. Nf3 Rad8 24. h3 Re4 25. Qg3 Qe6 26. Rc1 Rxa4 27.
Qc7 Qd7 28. Qe5 Re8 29. Qg3 Re6 30. Rc5 Ra1+ 31. Kh2 Qd1 32. Qb8+ Kh7 33. Kg3
Qd6+ 34. Qxd6 Rxd6 35. Nh4 Rd5 36. Rc4 a5 37. Bd4 a4 38. Bxa1 a3 39. Nf3 Rd1
40. Bc3 a2 41. Ra4 Rc1 42. Bb2 Rc2 43. Ba1 b5 44. Nd4 bxa4 45. Nxc2 c5 46. Ne3
Kg6 47. Nd5 c4 48. Nc3 a3 49. Nxa2 Kf5 50. Bxg7 h5 51. Nb4 f6 52. Kf3 c3 53.
Ke3 c2 54. Nxc2 a2 55. Kd3 Kg6 56. Bf8 Kg5 57. Kc3 f5 58. Kb2 a1=Q+ 59. Nxa1 h4
60. Kc3 f4 61. Kd4 Kf5 62. Be7 f3 63. gxf3 Kf4 64. Bxh4 Kxf3 65. Ke5 Kg2 66. f4
Kxh3 67. f5 Kxh4 68. f6 Kg3 69. f7 Kf3 70. f8=Q+ Ke3 71. Qf4+ Kd3 72. Qd4+ Ke2
73. Kf4 Kf1 74. Qd2 Kg1 75. Kg3 Kf1 76. Qf2# 1-0

[Event "ONJK 2018 C"]
[Site "Borne, Netherlands"]
[Date "2018.08.07"]
[Round "3.14"]
[White "Naessens, Wolf"]
[Black "Yannopapas, Leontios"]
[Result "0-1"]
[WhiteElo "1456"]
[BlackElo "1276"]
[PlyCount "48"]
[EventDate "2018.??.??"]

1. e4 c5 2. Nf3 g6 3. d4 cxd4 4. Nxd4 Bg7 5. Nc3 Nc6 6. Nb3 Nf6 7. Be2 O-O 8.
O-O b6 9. Bg5 d6 10. Qd2 Bb7 11. f4 Rc8 12. Bf3 Nb8 13. Rad1 Nbd7 14. e5 Bxf3
15. Rxf3 dxe5 16. Rd3 e4 17. Rxd7 Nxd7 18. Qxd7 Qxd7 19. Rxd7 Bxc3 20. bxc3
Rxc3 21. Rxe7 Rxc2 22. Rxe4 Rxa2 23. Re5 f6 24. Rb5 fxg5 0-1

[Event "ONJK 2018 C"]
[Site "Borne, Netherlands"]
[Date "2018.08.07"]
[Round "3.15"]
[White "Schoonhoven, Mark"]
[Black "Debunne, Tibe"]
[Result "0-1"]
[WhiteElo "1284"]
[BlackElo "1449"]
[PlyCount "30"]
[EventDate "2018.??.??"]

1. e4 e5 2. Nf3 Nc6 3. Bc4 Nf6 4. Nc3 Nxe4 5. Nxe4 d5 6. Bb5 dxe4 7. Nxe5 Qd5
8. Nxc6 bxc6 9. Ba4 Bc5 10. Bb3 Qf5 11. O-O Ba6 12. d3 O-O 13. Be3 Bd6 14. dxe4
Qe5 15. Re1 Qxh2# 0-1

[Event "ONJK 2018 C"]
[Site "Borne, Netherlands"]
[Date "2018.08.07"]
[Round "3.16"]
[White "Weidemann, Jakob"]
[Black "Nielsen, Philip"]
[Result "0-1"]
[WhiteElo "1212"]
[BlackElo "1432"]
[PlyCount "64"]
[EventDate "2018.??.??"]

1. e4 c5 2. Nf3 d6 3. d4 cxd4 4. Nxd4 e5 5. Nf3 Bg4 6. h3 Bh5 7. g4 Bg6 8. Nc3
Nf6 9. Bb5+ Nbd7 10. Bg5 Be7 11. Bxf6 Bxf6 12. Qxd6 Qe7 13. Qxd7+ Qxd7 14.
Bxd7+ Kxd7 15. O-O-O+ Ke6 16. Nb5 Rhc8 17. Rd6+ Ke7 18. g5 Bxe4 19. gxf6+ gxf6
20. Nh4 Rxc2+ 21. Kd1 Rxb2 22. Re1 Bc2+ 23. Kc1 Rb1+ 24. Kd2 Rxb5 25. Kxc2 Kxd6
26. Nf5+ Kc7 27. Nh6 Rc5+ 28. Kb3 Rf8 29. Ng4 Rc6 30. Re4 f5 31. Rxe5 fxg4 32.
hxg4 Rf6 0-1

[Event "ONJK 2018 C"]
[Site "Borne, Netherlands"]
[Date "2018.08.07"]
[Round "3.17"]
[White "Den Heijer, Rolinde"]
[Black "Schoonhoven, Laura"]
[Result "1-0"]
[WhiteElo "1391"]
[BlackElo "1194"]
[PlyCount "77"]
[EventDate "2018.??.??"]

1. e4 e5 2. Nf3 Nc6 3. Bb5 a6 4. Bxc6 bxc6 5. d3 Be7 6. Nxe5 d6 7. Nxc6 Qd7 8.
Nxe7 Qxe7 9. Nc3 Nf6 10. Bg5 Qe5 11. Bxf6 Qxf6 12. O-O O-O 13. Rb1 Be6 14. f4
Qd4+ 15. Kh1 f6 16. f5 Bf7 17. Qg4 Kh8 18. Ne2 Qc5 19. c3 Bxa2 20. Ra1 Bf7 21.
Rf3 Rab8 22. b4 Qe5 23. Rg3 Rg8 24. Rxa6 d5 25. Ra5 Qd6 26. h3 dxe4 27. dxe4
Qd1+ 28. Kh2 Qf1 29. Qf3 Qe1 30. Nd4 Ra8 31. Nc6 Rxa5 32. Nxa5 Rd8 33. Qe3 Qf1
34. Qc5 Qe1 35. Qe7 Rg8 36. Qxf7 Qxe4 37. Qxc7 Qxf5 38. Nc6 Qe5 39. Nxe5 1-0